000 00469nmm a2200169Ia 4500
008 251105s9999||||xx |||||||||||||||||und||
020 _a9791222410951
041 _aeng
100 _aCalderon de la Barca, Pedro
245 0 _aLife is a dream
264 _a[Quito, Ecuador] :
_bCervantes Digital,
_c2023
300 _a104 páginas
490 _aNarrativa
650 _aSpanish literature
856 _uhttps://public.digitaliapublishing.com/a/127874
942 _cCF
999 _c98183
_d98183